إغاثة اللهفان من مصائد الشيطان / (رقم التسجيلة. 1114)
[ عرض عادي ]
| 000 -الفاتح | |
|---|---|
| حقل البيانات ثابتة الطول | 00808cam a2200229a 44500 |
| 003 - محدد رقم الضبط | |
| رقم الضبط | OSt |
| 005 - وقت وتاريخ اخر تعامل مع التسجيلة | |
| رقم الضبط | 20150408113725.0 |
| 008 - عناصر البيانات ثابتة الطول - معلومات عامة | |
| حقل البيانات ثابتة الطول | 030319s1985 ua g 00000 ara dd |
| 040 ## - مصدر الفهرسة | |
| وكالة الفهرسة الأصلية | SA-RiAUC |
| لغة الفهرسة | ara |
| وكالة النسخ | SA-RiAUC |
| 041 ## - رمز اللغة | |
| رمز لغة النص/ المسارات الصوتية أو العنوان الانفرادي | عربي |
| 072 ## - رمز الفئه الموضوعية | |
| رمز فئه الموضوع | 019 |
| مجموعة رمز فئه الموضوع | الدعوة الإسلامية |
| 082 04 - رقم تصنيف ديوى العشرى | |
| رقم التصنيف | 213 |
| 092 ## - رقم استدعاء ديوى المحلى | |
| رقم التصنيف | 213 |
| رقم المادة | ق ش ا |
| 100 1# - المدخل الرئيسى - إسم شخصى | |
| الإسم الشخصى | ابن قيم الجوزية، محمد بن أبي بكر بن أيوب، |
| التواريخ المصاحبة للاسم | 691-751 هـ. |
| 9 (RLIN) | 220 |
| 245 10 - بيان العنوان | |
| العنوان | إغاثة اللهفان من مصائد الشيطان / |
| بيان المسئوليه,etc | لابن قيم الجوزية ؛ دراسة وتحقيقماهر ثملاوي. |
| 250 ## - بيان الطبعة | |
| بيان الطبعة | ط.1 |
| 260 ## - PUBLICATION, DISTRIBUTION, ETC. (IMPRINT) | |
| مكان الناشر او الموزع | بيروت |
| اسم الناشر او الموزع | مؤسسة الرسالة |
| تاريخ النشر أو التوزيع | 2007 |
| 300 ## - الوصف المادى | |
| أبعاد الوعاء | 24 سم. |
| التعداد | 588 ص |
| 650 ## - المدخل الاضافى بالموضوع-مصطلح موضوعى | |
| مصدر الرأس أو المصطلح | aucsh.1 |
| مصطلح موضوعي أو اسم جغرافي كعنصر مدخل | الدعوة والارشاد |
| 9 (RLIN) | 277 |
| 700 ## - المدخل الاضافى - اسم شخصى | |
| الدور | محقق.\\ |
| 942 ## - عناصر المدخل الإضافي( كوها) | |
| مصدر التصنيف او مخطط الترفيف | Dewey Decimal Classification |
| Koha [default] item type | كتاب |
| حالة الفقد | نموذج السعر الفعال | حالة تلف | ليس للاعارة | رقم الطلب | تاريخ الاكتساب | الموقع الحالي | الباركود | الفرع الرئيسي | Date last seen | نوع المادة فى نظام كوها | مصدر التصنيف او خطة الترفيف | Total Checkouts | Date last checked out | مُعار |
|---|---|---|---|---|---|---|---|---|---|---|---|---|---|---|
| 2013-03-10 | 213 ق ج ا | 2011-06-11 | المكتبة المركزية بالمجمعة (CL) | 00061045 | المكتبة المركزية بالمجمعة (CL) | 2013-03-10 | كتاب | Dewey Decimal Classification | ||||||
| 2013-03-10 | 213 ق ج ا | 2011-06-11 | المكتبة المركزية بالمجمعة (CL) | 00061046 | المكتبة المركزية بالمجمعة (CL) | 2017-10-01 | كتاب | Dewey Decimal Classification | 1 | 2017-10-01 | 2017-10-31 | |||
| 2013-03-10 | 213 ق ج ا | 2011-06-11 | المكتبة المركزية بالمجمعة (CL) | 00061047 | المكتبة المركزية بالمجمعة (CL) | 2013-03-10 | كتاب | Dewey Decimal Classification | ||||||
| 2013-03-10 | 213 ق ج ا | 2011-08-28 | مكتبة مجمع الطالبات بالمجمعة (EMF) | 00016625 | مكتبة مجمع الطالبات بالمجمعة (EMF) | 2013-03-10 | كتاب | Dewey Decimal Classification | ||||||
| 2013-03-10 | 213 ج1.2 ق ج ا | 2011-08-29 | مكتبة مجمع الطالبات بالمجمعة (EMF) | 00023726 | مكتبة مجمع الطالبات بالمجمعة (EMF) | 2013-03-10 | كتاب | Dewey Decimal Classification |
